<?xml version="1.0" encoding="UTF-8"?>
<record
    xmlns:xsi="http://www.w3.org/2001/XMLSchema-instance"
    xsi:schemaLocation="http://www.loc.gov/MARC21/slim http://www.loc.gov/standards/marcxml/schema/MARC21slim.xsd"
    xmlns="http://www.loc.gov/MARC21/slim">

  <leader>00604nam a2200229Ia 4500</leader>
  <controlfield tag="005">20230417150321.0</controlfield>
  <controlfield tag="008">230125s9999    xx            000 0 und d</controlfield>
  <datafield tag="020" ind1=" " ind2=" ">
    <subfield code="a">9788131528532</subfield>
  </datafield>
  <datafield tag="041" ind1=" " ind2=" ">
    <subfield code="a">eng</subfield>
  </datafield>
  <datafield tag="082" ind1=" " ind2=" ">
    <subfield code="a">658.834</subfield>
    <subfield code="b">SHA</subfield>
  </datafield>
  <datafield tag="100" ind1=" " ind2=" ">
    <subfield code="a">Sharma D</subfield>
    <subfield code="9">109470</subfield>
  </datafield>
  <datafield tag="245" ind1=" " ind2=" ">
    <subfield code="a">Consumer Behavior a managerial Perspective</subfield>
  </datafield>
  <datafield tag="250" ind1=" " ind2=" ">
    <subfield code="a">1st Ed.</subfield>
  </datafield>
  <datafield tag="260" ind1=" " ind2=" ">
    <subfield code="c">2015</subfield>
    <subfield code="b">Cengage Learning</subfield>
    <subfield code="a">New Delhi</subfield>
  </datafield>
  <datafield tag="300" ind1=" " ind2=" ">
    <subfield code="a">536p</subfield>
  </datafield>
  <datafield tag="500" ind1=" " ind2=" ">
    <subfield code="a">Consumer behaviour
 
</subfield>
  </datafield>
  <datafield tag="650" ind1=" " ind2=" ">
    <subfield code="a">Consumer behaviour  </subfield>
    <subfield code="9">119096</subfield>
  </datafield>
  <datafield tag="700" ind1=" " ind2=" ">
    <subfield code="a">Sharma D; Sheth J N &amp; Mittal B</subfield>
    <subfield code="9">118194</subfield>
  </datafield>
  <datafield tag="906" ind1=" " ind2=" ">
    <subfield code="b">189</subfield>
  </datafield>
  <datafield tag="942" ind1=" " ind2=" ">
    <subfield code="c">BK</subfield>
  </datafield>
  <datafield tag="999" ind1=" " ind2=" ">
    <subfield code="c">96202</subfield>
    <subfield code="d">96202</subfield>
  </datafield>
  <datafield tag="952" ind1=" " ind2=" ">
    <subfield code="0">0</subfield>
    <subfield code="1">0</subfield>
    <subfield code="4">0</subfield>
    <subfield code="7">0</subfield>
    <subfield code="a">HIMR</subfield>
    <subfield code="b">HIMR</subfield>
    <subfield code="d">2020-01-06</subfield>
    <subfield code="e">Forward Books</subfield>
    <subfield code="g">675.00</subfield>
    <subfield code="i">11163</subfield>
    <subfield code="l">0</subfield>
    <subfield code="o">658.834 SHA B19396</subfield>
    <subfield code="p">HIMR-BK-19396</subfield>
    <subfield code="r">2023-01-25 00:00:00</subfield>
    <subfield code="v">486.00</subfield>
    <subfield code="w">2023-01-25</subfield>
    <subfield code="y">BK</subfield>
    <subfield code="z">B19396</subfield>
  </datafield>
  <datafield tag="952" ind1=" " ind2=" ">
    <subfield code="0">0</subfield>
    <subfield code="1">0</subfield>
    <subfield code="4">0</subfield>
    <subfield code="7">0</subfield>
    <subfield code="a">HIMR</subfield>
    <subfield code="b">HIMR</subfield>
    <subfield code="d">2020-01-06</subfield>
    <subfield code="e">Forward Books</subfield>
    <subfield code="g">675.00</subfield>
    <subfield code="i">11163</subfield>
    <subfield code="l">0</subfield>
    <subfield code="o">658.834 SHA B19397</subfield>
    <subfield code="p">HIMR-BK-19397</subfield>
    <subfield code="r">2023-01-25 00:00:00</subfield>
    <subfield code="v">486.00</subfield>
    <subfield code="w">2023-01-25</subfield>
    <subfield code="y">BK</subfield>
    <subfield code="z">B19397</subfield>
  </datafield>
  <datafield tag="952" ind1=" " ind2=" ">
    <subfield code="0">0</subfield>
    <subfield code="1">0</subfield>
    <subfield code="4">0</subfield>
    <subfield code="7">0</subfield>
    <subfield code="a">HIMR</subfield>
    <subfield code="b">HIMR</subfield>
    <subfield code="d">2016-11-28</subfield>
    <subfield code="e">Suyog Enterprises</subfield>
    <subfield code="g">599.00</subfield>
    <subfield code="i">SE/SI/3498</subfield>
    <subfield code="l">0</subfield>
    <subfield code="o">658.834 SHA B14505</subfield>
    <subfield code="p">HIMR-BK-14505</subfield>
    <subfield code="r">2023-01-25 00:00:00</subfield>
    <subfield code="v">413.31</subfield>
    <subfield code="w">2016-11-17</subfield>
    <subfield code="y">BK</subfield>
    <subfield code="z">B14505</subfield>
  </datafield>
</record>
